Central Library OPAC University of Rajshahi

India: the search for unity, democracy and progress / (Record no. 26855)

MARC details
000 -LEADER
fixed length control field 00870cam a22002771 4500
001 - CONTROL NUMBER
control field 26855
003 - CONTROL NUMBER IDENTIFIER
rucl marc code BD-RjUL
005 - DATE AND TIME OF LATEST TRANSACTION
control field 20211209051057.0
008 - FIXED-LENGTH DATA ELEMENTS--GENERAL INFORMATION
fixed length control field 140323s1965 njub b 000 0 eng
035 ## - SYSTEM CONTROL NUMBER
System control number (BD-RjUL)26926
System control number (BD-RjUL)26926
040 ## - CATALOGING SOURCE
Original cataloging agency DLC
Transcribing agency ODaWU
Modifying agency OCoLC
-- Uk
-- BD-RjUL
Language of cataloging eng
041 ## - LANGUAGE CODE
Language code of text/sound track or separate title eng
082 ## - DEWEY DECIMAL CLASSIFICATION NUMBER
Classification number 309.154
Author mark and year NEI 1965
100 1# - MAIN ENTRY--PERSONAL NAME
Personal name Neale, Walter C.
9 (RLIN) 82536
245 10 - TITLE STATEMENT
Title India: the search for unity, democracy and progress /
Statement of responsibility, etc. by Walter C. Neale.
260 ## - PUBLICATION, DISTRIBUTION, ETC. (IMPRINT)
Place of publication, distribution, etc. Princeton, N.J. :
Name of publisher, distributor, etc. Van Nostrand ,
Date of publication, distribution, etc. 1965.
300 ## - PHYSICAL DESCRIPTION
Pagination 128 p. :
Illustrations maps. ;
Size 21 cm.
490 0# - SERIES STATEMENT
Series statement Van Nostrand searchlight book,
Volume/sequential designation no. 24
504 ## - BIBLIOGRAPHY, ETC. NOTE
Bibliography, etc Bibliography: p. 123-125.
651 #0 - SUBJECT ADDED ENTRY--GEOGRAPHIC NAME
Geographic name India
General subdivision Politics and government
Chronological subdivision 1947-
9 (RLIN) 82537
Geographic name India
General subdivision Economic conditions
Chronological subdivision 1947-
9 (RLIN) 82538
942 ## - ADDED ENTRY ELEMENTS (KOHA)
Source of classification or shelving scheme Dewey Decimal Classification
Koha item type Books
Holdings
Lost status Source of classification or shelving scheme Damaged status Not for loan Collection code Permanent Location Current Location Shelving location Date acquired Source of acquisition Cost, normal purchase price Total Checkouts Full call number Date last seen Copy number Koha item type
  Dewey Decimal Classification   Added to bundle Non-fiction Central Library, University of Rajshahi Central Library, University of Rajshahi Reading Room 02/03/1970 Sweets & Zeitlinger 14.00   309.154 NEI 1965 23/03/2014 C-1 Books